[Event "Monte Estoril op"]
[Site "Monte Estoril"]
[Date "2003.12.07"]
[Round "2"]
[White "Palmar, Nuno Alexandre"]
[Black "Ramirez Gomez, Humberto"]
[Result "0-1"]
[WhiteElo "1603"]
[BlackElo "1865"]
[PlyCount "50"]
[EventDate "2003.12.06"]
[EventType "swiss"]
[EventRounds "2"]
[EventCountry "POR"]
[SourceTitle "EXT 2005"]
[Source "ChessBase"]
[SourceDate "2004.11.15"]
[SourceVersion "1"]
[SourceVersionDate "2004.11.15"]
[SourceQuality "1"]

1. d4 d5 2. Nf3 Nf6 3. e3 Bg4 4. Be2 e6 5. Ne5 Bxe2 6. Qxe2 Nbd7 7. Nd2 Bd6 8. f4 0-0 9. 0-0 c5 10. c3 Qb6 11. g4 Kh8 12. g5 Bxe5 13. fxe5 Ng8 14. Rf4 f6 15. exf6 gxf6 16. Rg4 fxg5 17. Rxg5 Ngf6 18. Kh1 Rg8 19. Nf3 Ne4 20. Rxg8+ Rxg8 21. dxc5 Qb5 22. Qe1 Ndxc5 23. h3 Nd3 24. Qh4 Ndf2+ 25. Kh2 Qf1 0-1

[Event "Monte Estoril op"]
[Site "Monte Estoril"]
[Date "2003.12.06"]
[Round "1"]
[White "Ramirez Gomez, Humberto"]
[Black "Almeida, Augusto Artur"]
[Result "0-1"]
[WhiteElo "1865"]
[BlackElo "1691"]
[PlyCount "52"]
[EventDate "2003.12.06"]
[EventType "swiss"]
[EventRounds "2"]
[EventCountry "POR"]
[SourceTitle "EXT 2005"]
[Source "ChessBase"]
[SourceDate "2004.11.15"]
[SourceVersion "1"]
[SourceVersionDate "2004.11.15"]
[SourceQuality "1"]

1. e4 c5 2. Nf3 e6 3. d4 cxd4 4. Nxd4 Nf6 5. Nc3 Nc6 6. Be2 a6 7. Be3 Bb4 8. Bf3 Ne5 9. 0-0 b5 10. a4 Bb7 11. axb5 Nxf3+ 12. gxf3 Bxc3 13. bxc3 0-0 14. c4 d5 15. e5 Nd7 16. c5 Nxe5 17. c6 Bc8 18. b6 Qxb6 19. Nxe6 Qxc6 20. Nxf8 d4 21. Kg2 Bb7 22. Bxd4 Nxf3 23. Kg3 Qd6+ 24. Kg4 Rxf8 25. Bc3 Qg6+ 26. Kh3 Bc8+ 0-1